000 00579ntaaa2200193 4500
003 01
005 20251027202122.0
008 0714s1973 ag 01
040 _aAR-BaBN
_bspa
_cAR-BaBN
_eaacr
_dRIC
082 _a261.8000 R61
100 _aRodrigues, Joao
_919669
245 _aFundamentos economicos do Novo Testamento
250 _a1 ed.
260 _aRío de Janeiro :
_bCasa Publicadora Batista,
_c1965
300 _a191 p
500 _aSocialismo, comunismo, cristianismo. Fundamentos económicos del Nuevo Testamento.
650 _ateología social
_92067
942 _cBK
999 _c16081
_d16081